Modelirovanije sistem Kursovoje projektirovanije

Gespeichert in:
Bibliographische Detailangaben
1. Verfasser: Sovetov, Boris Jakovlevič
Weitere Verfasser: Jakovlev, Sergej Aleksejevič
Format: Buch
Sprache:Russisch
Veröffentlicht: Moskva Vysšaja škola 1988
Ausgabe:1. izd.
Tags: Tag hinzufügen
Keine Tags, Fügen Sie das erste Tag hinzu!

MARC

LEADER 00000nam a2200000 4500
001 c027787
005 20221219125229.9
041 0 |a rus 
044 |a RU 
245 1 0 |a Modelirovanije sistem  |b Kursovoje projektirovanije  |c Boris Jakovlevič Sovetov, Sergej Aleksejevič Jakovlev 
250 |a 1. izd. 
264 1 |a Moskva  |b Vysšaja škola  |c 1988 
300 |a 133 s. 
100 1 |a Sovetov, Boris Jakovlevič 
700 1 |a Jakovlev, Sergej Aleksejevič